<?xml version="1.0" encoding="UTF-8"?>
<record
    xmlns:xsi="http://www.w3.org/2001/XMLSchema-instance"
    xsi:schemaLocation="http://www.loc.gov/MARC21/slim http://www.loc.gov/standards/marcxml/schema/MARC21slim.xsd"
    xmlns="http://www.loc.gov/MARC21/slim">

  <leader>00562nam a22001217a 4500</leader>
  <controlfield tag="008">110628t        xxu||||| |||| 00| 0 eng d</controlfield>
  <datafield tag="010" ind1=" " ind2=" ">
    <subfield code="a">HCMA F-107</subfield>
  </datafield>
  <datafield tag="245" ind1=" " ind2=" ">
    <subfield code="a">The Court Miscellaneseous Application Number 318 of 2006 Standard Chartered Bank of Uganda Ltd. Vs Ben Kavuya Barclays Bank (U) Ltd.</subfield>
  </datafield>
  <datafield tag="260" ind1=" " ind2=" ">
    <subfield code="c">2006</subfield>
  </datafield>
  <datafield tag="500" ind1=" " ind2=" ">
    <subfield code="a">Before: Ag. Judge Remmy Kasule</subfield>
  </datafield>
  <datafield tag="999" ind1=" " ind2=" ">
    <subfield code="c">4230</subfield>
    <subfield code="d">4230</subfield>
  </datafield>
  <datafield tag="952" ind1=" " ind2=" ">
    <subfield code="0">0</subfield>
    <subfield code="1">0</subfield>
    <subfield code="2">ddc</subfield>
    <subfield code="4">0</subfield>
    <subfield code="6">HCMA_F107</subfield>
    <subfield code="7">0</subfield>
    <subfield code="9">7311</subfield>
    <subfield code="a">MAIN</subfield>
    <subfield code="b">MAIN</subfield>
    <subfield code="c">ARC</subfield>
    <subfield code="d">2011-06-28</subfield>
    <subfield code="l">0</subfield>
    <subfield code="o">HCMA F107</subfield>
    <subfield code="p">318/2006/1</subfield>
    <subfield code="r">2011-06-28 00:00:00</subfield>
    <subfield code="w">2011-06-28</subfield>
    <subfield code="y">URC</subfield>
  </datafield>
  <datafield tag="952" ind1=" " ind2=" ">
    <subfield code="0">0</subfield>
    <subfield code="1">0</subfield>
    <subfield code="2">ddc</subfield>
    <subfield code="4">0</subfield>
    <subfield code="6">HCMA_F107</subfield>
    <subfield code="7">0</subfield>
    <subfield code="9">7312</subfield>
    <subfield code="a">MAIN</subfield>
    <subfield code="b">MAIN</subfield>
    <subfield code="c">ARC</subfield>
    <subfield code="d">2011-06-28</subfield>
    <subfield code="l">0</subfield>
    <subfield code="o">HCMA F107</subfield>
    <subfield code="p">318/2006/2</subfield>
    <subfield code="r">2011-06-28 00:00:00</subfield>
    <subfield code="w">2011-06-28</subfield>
    <subfield code="y">URC</subfield>
  </datafield>
</record>
